[Event "25 Aniversario FMA"]
[Site "Madrid ESP"]
[Date "2005.11.02"]
[Round "7.2"]
[White "Gallardo Garcia, Andres"]
[Black "Mirzoev, Azer"]
[Result "1/2-1/2"]
[WhiteElo "2360"]
[BlackElo "2520"]
[PlyCount "24"]
[EventDate "2005.10.29"]
[EventType "tourn"]
[EventRounds "11"]
[EventCountry "ESP"]
[EventCategory "6"]
[Source "lmi"]
[SourceDate "2005.11.05"]

1. d4 d5 2. c4 e6 3. Nc3 Nf6 4. cxd5 exd5 5. Bg5 c6 6. e3 Be7 7. Bd3 Bg4 8. Nf3
Bh5 9. O-O Nbd7 10. Rb1 a5 11. Bf4 O-O 12. a3 Bg6 1/2-1/2

[Event "25 Aniversario FMA"]
[Site "Madrid ESP"]
[Date "2005.11.02"]
[Round "7.3"]
[White "Almagro Llanas, Pablo"]
[Black "Asis Gargatagli, Hipolit"]
[Result "0-1"]
[WhiteElo "2345"]
[BlackElo "2381"]
[PlyCount "50"]
[EventDate "2005.10.29"]
[EventType "tourn"]
[EventRounds "11"]
[EventCountry "ESP"]
[EventCategory "6"]
[Source "lmi"]
[SourceDate "2005.11.05"]

1. e4 c5 2. Nf3 d6 3. d4 cxd4 4. Nxd4 Nf6 5. Nc3 a6 6. Be3 e5 7. Nb3 Be6 8. f3
Be7 9. Qd2 O-O 10. O-O-O Nbd7 11. g4 b5 12. g5 b4 13. Ne2 Ne8 14. f4 a5 15. Kb1
a4 16. Nbc1 exf4 17. Nxf4 Bxg5 18. Qxb4 Bxf4 19. Bxf4 Qf6 20. Nd3 Rb8 21. Qa3
Nc7 22. Qxd6 Nb5 23. e5 Qf5 24. Qb4 Rfc8 25. Qe1 Na3+ 0-1

[Event "25 Aniversario FMA"]
[Site "Madrid ESP"]
[Date "2005.11.02"]
[Round "7.4"]
[White "Minzer, Claudio Javier"]
[Black "Serrano Salvador, Eduardo"]
[Result "1/2-1/2"]
[WhiteElo "2438"]
[BlackElo "2386"]
[PlyCount "91"]
[EventDate "2005.10.29"]
[EventType "tourn"]
[EventRounds "11"]
[EventCountry "ESP"]
[EventCategory "6"]
[Source "lmi"]
[SourceDate "2005.11.05"]

1. d4 d5 2. c4 c6 3. Nf3 Nf6 4. e3 e6 5. Nbd2 Nbd7 6. b3 Bd6 7. Bb2 O-O 8. Bd3
Qe7 9. Ne5 c5 10. O-O b6 11. Qf3 Bb7 12. Qh3 h6 13. Nxd7 Qxd7 14. dxc5 Be7 15.
Rfd1 bxc5 16. Nf3 Rfd8 17. Rac1 Qe8 18. cxd5 Rxd5 19. Bc4 Rxd1+ 20. Rxd1 Rd8
21. Rc1 Qd7 22. Bc3 Ne4 23. Ba5 Ng5 24. Qg4 Nxf3+ 25. gxf3 Rc8 26. Bc3 Bf8 27.
Be2 Qe7 28. Rd1 Rd8 29. Rxd8 Qxd8 30. Qa4 Qg5+ 31. Qg4 Qd8 32. Kf1 Qd5 33. Qg3
Qd6 34. Ke1 g6 35. Be5 Qb6 36. Qf4 Qa5+ 37. Kf1 Bg7 38. Bxg7 Kxg7 39. Qe5+ Kh7
40. Qf6 Kg8 41. Qf4 Ba6 42. a4 Bxe2+ 43. Kxe2 Qc3 44. Qb8+ Kg7 45. Qxa7 Qxb3
46. a5 1/2-1/2

[Event "25 Aniversario FMA"]
[Site "Madrid ESP"]
[Date "2005.11.03"]
[Round "8.3"]
[White "Serrano Salvador, Eduardo"]
[Black "Elissalt Cardenas, Hector"]
[Result "1/2-1/2"]
[WhiteElo "2348"]
[BlackElo "2327"]
[PlyCount "79"]
[EventDate "2005.10.29"]
[EventType "tourn"]
[EventRounds "11"]
[EventCountry "ESP"]
[EventCategory "6"]
[Source "lmi"]
[SourceDate "2005.11.05"]

1. d4 e6 2. c4 f5 3. g3 Nf6 4. Bg2 d5 5. Nf3 c6 6. O-O Bd6 7. b3 Qe7 8. Bb2 O-O
9. Qc2 b6 10. Ne5 Bb7 11. Nd2 Nbd7 12. e3 Rfc8 13. Rfc1 Ba3 14. Nd3 Bxb2 15.
Qxb2 a5 16. a3 Ba6 17. Bf1 Ne4 18. f4 a4 19. Nxe4 fxe4 20. Nb4 Bb7 21. Na2 axb3
22. Nc3 c5 23. Qxb3 cxd4 24. exd4 Qf6 25. Rd1 Ra5 26. cxd5 Bxd5 27. Qb4 g5 28.
Ne2 Qf5 29. Qe7 Nf6 30. fxg5 Qxg5 31. Nf4 Re8 32. Qb4 Nh5 33. Nxh5 Qxh5 34. Qd2
Rea8 35. Be2 Qg6 36. Qe3 Qg7 37. Rdb1 Ra4 38. Rd1 Qe7 39. Qf4 Qg7 40. Qe3
1/2-1/2

[Event "25 Aniversario FMA"]
[Site "Madrid ESP"]
[Date "2005.11.03"]
[Round "8.4"]
[White "Asis Gargatagli, Hipolit"]
[Black "Minzer, Claudio Javier"]
[Result "1/2-1/2"]
[WhiteElo "2381"]
[BlackElo "2438"]
[PlyCount "20"]
[EventDate "2005.10.29"]
[EventType "tourn"]
[EventRounds "11"]
[EventCountry "ESP"]
[EventCategory "6"]
[Source "lmi"]
[SourceDate "2005.11.05"]

1. e4 c5 2. Nf3 Nc6 3. d4 cxd4 4. Nxd4 g6 5. Nc3 Bg7 6. Be3 Nf6 7. Bc4 Qa5 8.
O-O O-O 9. Bb3 d6 10. Nd5 Nxd5 1/2-1/2

[Event "25 Aniversario FMA"]
[Site "Madrid ESP"]
[Date "2005.11.03"]
[Round "8.5"]
[White "Mirzoev, Azer"]
[Black "Almagro Llanas, Pablo"]
[Result "1/2-1/2"]
[WhiteElo "2520"]
[BlackElo "2345"]
[PlyCount "27"]
[EventDate "2005.10.29"]
[EventType "tourn"]
[EventRounds "11"]
[EventCountry "ESP"]
[EventCategory "6"]
[Source "lmi"]
[SourceDate "2005.11.05"]

1. d4 d5 2. Bf4 Nf6 3. e3 c5 4. c3 Nc6 5. Nd2 e6 6. Ngf3 Bd6 7. Bxd6 Qxd6 8.
Be2 O-O 9. O-O Re8 10. dxc5 Qxc5 11. c4 Rd8 12. cxd5 Nxd5 13. Qc1 Qe7 14. Rd1
1/2-1/2

[Event "25 Aniversario FMA"]
[Site "Madrid ESP"]
[Date "2005.11.03"]
[Round "8.6"]
[White "Perez, Rodney"]
[Black "Gallardo Garcia, Andres"]
[Result "1/2-1/2"]
[WhiteElo "2450"]
[BlackElo "2360"]
[PlyCount "30"]
[EventDate "2005.10.29"]
[EventType "tourn"]
[EventRounds "11"]
[EventCountry "ESP"]
[EventCategory "6"]
[Source "lmi"]
[SourceDate "2005.11.05"]

1. e4 e5 2. Bc4 Nf6 3. d3 Nc6 4. Nf3 Bc5 5. O-O d6 6. c3 a6 7. Bb3 Ba7 8. Nbd2
O-O 9. h3 h6 10. Re1 Nh5 11. Nf1 Qf6 12. Be3 Nf4 13. Kh2 Be6 14. Bxa7 Rxa7 15.
Ne3 Raa8 1/2-1/2

[Event "25 Aniversario FMA"]
[Site "Madrid ESP"]
[Date "2005.11.03"]
[Round "9.1"]
[White "Gallardo Garcia, Andres"]
[Black "Salgado Lopez, Ivan"]
[Result "0-1"]
[WhiteElo "2360"]
[BlackElo "2372"]
[PlyCount "78"]
[EventDate "2005.10.29"]
[EventType "tourn"]
[EventRounds "11"]
[EventCountry "ESP"]
[EventCategory "6"]
[Source "lmi"]
[SourceDate "2005.11.05"]

1. d4 Nf6 2. c4 c5 3. d5 e6 4. Nc3 exd5 5. cxd5 d6 6. Nf3 g6 7. Nd2 Bg7 8. e4
O-O 9. Be2 Nbd7 10. O-O Re8 11. a4 Ne5 12. Ra3 g5 13. Qc2 g4 14. Nd1 Nh5 15.
Ne3 Nf4 16. Bb5 Rf8 17. Rd1 Qh4 18. Bf1 Nf3+ 19. Nxf3 gxf3 20. g3 Nh3+ 21. Kh1
Qxe4 22. Bd3 Qe5 23. Bxh7+ Kh8 24. Bd3 f5 25. Bf1 f4 26. Bxh3 Bxh3 27. gxf4
Qxf4 28. Rg1 Be5 29. Rg3 Qh4 30. Kg1 Bxg3 31. hxg3 Qh7 32. Qc3+ Kg8 33. b3 Rae8
34. Ra1 Bg2 35. Nxg2 fxg2 36. Kxg2 Qe4+ 37. Kg1 Qe1+ 38. Qxe1 Rxe1+ 39. Kg2 Rf5
0-1

[Event "25 Aniversario FMA"]
[Site "Madrid ESP"]
[Date "2005.11.03"]
[Round "9.2"]
[White "Almagro Llanas, Pablo"]
[Black "Perez, Rodney"]
[Result "1/2-1/2"]
[WhiteElo "2345"]
[BlackElo "2450"]
[PlyCount "30"]
[EventDate "2005.10.29"]
[EventType "tourn"]
[EventRounds "11"]
[EventCountry "ESP"]
[EventCategory "6"]
[Source "lmi"]
[SourceDate "2005.11.05"]

1. e4 e5 2. Nf3 Nf6 3. Nxe5 d6 4. Nf3 Nxe4 5. Qe2 Qe7 6. d3 Nf6 7. Bg5 Qxe2+ 8.
Bxe2 Be7 9. Nc3 c6 10. O-O-O Na6 11. Rhe1 O-O 12. Ne4 Rd8 13. Nxf6+ Bxf6 14.
Bxf6 gxf6 15. d4 Nc7 1/2-1/2

[Event "25 Aniversario FMA"]
[Site "Madrid ESP"]
[Date "2005.11.03"]
[Round "9.3"]
[White "Minzer, Claudio Javier"]
[Black "Mirzoev, Azer"]
[Result "1/2-1/2"]
[WhiteElo "2438"]
[BlackElo "2520"]
[PlyCount "31"]
[EventDate "2005.10.29"]
[EventType "tourn"]
[EventRounds "11"]
[EventCountry "ESP"]
[EventCategory "6"]
[Source "lmi"]
[SourceDate "2005.11.05"]

1. d4 d5 2. Nf3 Nf6 3. c4 e6 4. Nc3 Be7 5. Bg5 Nbd7 6. e3 O-O 7. Qc2 h6 8. Bh4
c6 9. Rd1 Nh5 10. Bxe7 Qxe7 11. cxd5 exd5 12. Bd3 Nf4 13. O-O Nxd3 14. Qxd3 Nf6
15. Ne5 Be6 16. Rfe1 1/2-1/2

[Event "25 Aniversario FMA"]
[Site "Madrid ESP"]
[Date "2005.11.03"]
[Round "9.4"]
[White "Elissalt Cardenas, Hector"]
[Black "Asis Gargatagli, Hipolit"]
[Result "1-0"]
[WhiteElo "2327"]
[BlackElo "2381"]
[PlyCount "53"]
[EventDate "2005.10.29"]
[EventType "tourn"]
[EventRounds "11"]
[EventCountry "ESP"]
[EventCategory "6"]
[Source "lmi"]
[SourceDate "2005.11.05"]

1. c4 g6 2. Nc3 Bg7 3. g3 d6 4. Bg2 e5 5. d3 Ne7 6. h4 h6 7. e4 Be6 8. Be3 Nbc6
9. Nge2 Qd7 10. Qd2 Nd4 11. O-O-O c6 12. f4 Bg4 13. Rdf1 b5 14. Kb1 Rb8 15. Rf2
Be6 16. h5 bxc4 17. hxg6 fxg6 18. fxe5 Nxe2 19. Qxe2 d5 20. d4 c5 21. Rd1 dxe4
22. dxc5 Qc7 23. Rd6 Bxe5 24. Rxe6 Bxc3 25. Qxc4 Be1 26. Qa4+ Qd7 27. Rxe7+ 1-0

[Event "25 Aniversario FMA"]
[Site "Madrid ESP"]
[Date "2005.11.03"]
[Round "9.5"]
[White "Cruz, Alfredo"]
[Black "Serrano Salvador, Eduardo"]
[Result "1/2-1/2"]
[WhiteElo "2303"]
[BlackElo "2348"]
[PlyCount "67"]
[EventDate "2005.10.29"]
[EventType "tourn"]
[EventRounds "11"]
[EventCountry "ESP"]
[EventCategory "6"]
[Source "lmi"]
[SourceDate "2005.11.05"]

1. d4 d5 2. Nf3 c6 3. c3 Nf6 4. Bf4 Qb6 5. Qb3 Bf5 6. h3 e6 7. Nbd2 Nbd7 8. Nh4
Be4 9. f3 Bg6 10. e4 dxe4 11. Nxg6 hxg6 12. Nxe4 Nxe4 13. fxe4 Be7 14. O-O-O
Qxb3 15. axb3 a6 16. Be2 c5 17. Bf3 cxd4 18. cxd4 e5 19. Be3 O-O 20. d5 Bc5 21.
Bd2 a5 22. Kb1 Nf6 23. Bc3 Bd6 24. Rc1 Nd7 25. g4 Rfc8 26. Bd2 Nc5 27. Rc3 a4
28. bxa4 Rxa4 29. Be3 b6 30. Rhc1 Rca8 31. Rc4 Ra1+ 32. Kc2 R8a4 33. Rxa4 Rxa4
34. Bxc5 1/2-1/2

[Event "25 Aniversario FMA"]
[Site "Madrid ESP"]
[Date "2005.11.03"]
[Round "9.6"]
[White "Roa Alonso, Santiago"]
[Black "Martinez Martin, David"]
[Result "1-0"]
[WhiteElo "2367"]
[BlackElo "2379"]
[PlyCount "91"]
[EventDate "2005.10.29"]
[EventType "tourn"]
[EventRounds "11"]
[EventCountry "ESP"]
[EventCategory "6"]
[Source "lmi"]
[SourceDate "2005.11.05"]

1. e4 e6 2. d4 d5 3. Nc3 Bb4 4. e5 c5 5. a3 Bxc3+ 6. bxc3 Qc7 7. Nf3 Nc6 8. h4
f6 9. Bf4 Qa5 10. Qd2 cxd4 11. cxd4 Qxd2+ 12. Kxd2 f5 13. h5 Nge7 14. Bd3 Bd7
15. Rab1 b6 16. Ke2 Nd8 17. Bd2 Nb7 18. Rh4 Rc8 19. Rg1 Ba4 20. Ne1 Kd7 21. g4
g5 22. hxg6 hxg6 23. Rxh8 Rxh8 24. gxf5 gxf5 25. Rg7 Ke8 26. Ng2 Kf8 27. Rg3
Rg8 28. Nf4 Nd8 29. Bb4 Rxg3 30. fxg3 Kf7 31. Ke3 Nec6 32. Be1 Ke7 33. Ne2 Nb8
34. Bb4+ Ke8 35. Bd6 Nd7 36. g4 Nb7 37. gxf5 Nxd6 38. exd6 e5 39. Nc3 Bc6 40.
Bb5 Bxb5 41. Nxb5 Kf7 42. dxe5 Nxe5 43. Kd4 Nd7 44. Nxa7 Kf6 45. Kxd5 Kxf5 46.
Nc8 1-0

[Event "25 Aniversario FMA"]
[Site "Madrid ESP"]
[Date "2005.11.04"]
[Round "10.1"]
[White "Salgado Lopez, Ivan"]
[Black "Martinez Martin, David"]
[Result "1/2-1/2"]
[WhiteElo "2371"]
[BlackElo "2379"]
[PlyCount "84"]
[EventDate "2005.10.29"]
[EventType "tourn"]
[EventRounds "11"]
[EventCountry "ESP"]
[EventCategory "6"]
[Source "lmi"]
[SourceDate "2005.11.05"]

1. e4 e5 2. Nf3 Nc6 3. Bb5 a6 4. Ba4 Nf6 5. O-O Nxe4 6. d4 b5 7. Bb3 d5 8. dxe5
Be6 9. Nbd2 Nc5 10. c3 Be7 11. Bc2 d4 12. Nb3 d3 13. Nxc5 dxc2 14. Qxd8+ Rxd8
15. Nxe6 fxe6 16. Be3 Rd5 17. Rfc1 Nxe5 18. Nxe5 Rxe5 19. Rxc2 Kf7 20. a4 Rb8
21. g3 Rb7 22. axb5 axb5 23. Ra6 Bc5 24. Bxc5 Rxc5 25. Re2 c6 26. Re4 Rd7 27.
Kf1 Rd2 28. Re2 Rxe2 29. Kxe2 Kf6 30. Ra7 h5 31. Rc7 g5 32. h3 b4 33. cxb4 Rc2+
34. Kf3 Rxb2 35. Rxc6 Rb3+ 36. Kg2 Rxb4 37. Rc8 h4 38. Kf3 hxg3 39. fxg3 Rb3+
40. Kg4 Rb4+ 41. Kh5 Rb3 42. Kg4 Rb4+ 1/2-1/2

[Event "25 Aniversario FMA"]
[Site "Madrid ESP"]
[Date "2005.11.04"]
[Round "10.2"]
[White "Serrano Salvador, Eduardo"]
[Black "Roa Alonso, Santiago"]
[Result "1/2-1/2"]
[WhiteElo "2348"]
[BlackElo "2363"]
[PlyCount "102"]
[EventDate "2005.10.29"]
[EventType "tourn"]
[EventRounds "11"]
[EventCountry "ESP"]
[EventCategory "6"]
[Source "lmi"]
[SourceDate "2005.11.05"]

1. d4 d5 2. c4 e6 3. Nf3 Nf6 4. Nc3 Be7 5. Bg5 h6 6. Bh4 O-O 7. e3 b6 8. Be2
Bb7 9. Bxf6 Bxf6 10. cxd5 exd5 11. b4 c6 12. O-O Nd7 13. Qb3 Re8 14. Rfc1 b5
15. a4 a6 16. Ra2 Nb6 17. Ne1 Nc4 18. Nd3 Be7 19. Rca1 Bd6 20. axb5 axb5 21.
Rxa8 Bxa8 22. g3 g6 23. Ra7 h5 24. Nc5 h4 25. Bxc4 bxc4 26. Qd1 hxg3 27. hxg3
Qb8 28. Rd7 Bxc5 29. bxc5 Rxe3 30. Rd8+ Qxd8 31. fxe3 Bb7 32. Qf3 Bc8 33. e4
dxe4 34. Qxe4 Bf5 35. Qe3 Bd3 36. Qe5 Qa8 37. Kh2 Qb7 38. Qe8+ Kg7 39. Qe5+ f6
40. Qe1 Kf7 41. Qd2 g5 42. Qe1 Qb2+ 43. Kh1 Bf5 44. Ne4 Bxe4+ 45. Qxe4 Qc1+ 46.
Kg2 Qd2+ 47. Kh3 c3 48. Qh7+ Ke6 49. Qg8+ Ke7 50. Qg7+ Ke8 51. Qg8+ Ke7 1/2-1/2

[Event "25 Aniversario FMA"]
[Site "Madrid ESP"]
[Date "2005.11.04"]
[Round "10.3"]
[White "Asis Gargatagli, Hipolit"]
[Black "Cruz, Alfredo"]
[Result "1/2-1/2"]
[WhiteElo "2381"]
[BlackElo "2306"]
[PlyCount "42"]
[EventDate "2005.10.29"]
[EventType "tourn"]
[EventRounds "11"]
[EventCountry "ESP"]
[EventCategory "6"]
[Source "lmi"]
[SourceDate "2005.11.05"]

1. e4 e5 2. f4 d5 3. exd5 e4 4. d3 Qxd5 5. Qe2 Nf6 6. Nc3 Bb4 7. Bd2 Bxc3 8.
Bxc3 O-O 9. Bxf6 exd3 10. Qxd3 Qxd3 11. Bxd3 gxf6 12. O-O-O Nc6 13. Be4 Ne7 14.
Nf3 Nf5 15. Rhe1 Nd6 16. Bd5 Bg4 17. c4 c5 18. Re7 Rfe8 19. Rde1 Rxe7 20. Rxe7
Kf8 21. Rc7 Rc8 1/2-1/2

[Event "25 Aniversario FMA"]
[Site "Madrid ESP"]
[Date "2005.11.04"]
[Round "10.4"]
[White "Mirzoev, Azer"]
[Black "Elissalt Cardenas, Hector"]
[Result "1/2-1/2"]
[WhiteElo "2520"]
[BlackElo "2327"]
[PlyCount "33"]
[EventDate "2005.10.29"]
[EventType "tourn"]
[EventRounds "11"]
[EventCountry "ESP"]
[EventCategory "6"]
[Source "lmi"]
[SourceDate "2005.11.05"]

1. Nf3 f5 2. g3 Nf6 3. Bg2 g6 4. O-O Bg7 5. d4 d6 6. b3 O-O 7. Bb2 a5 8. c4 c6
9. Nc3 Na6 10. e3 Qc7 11. d5 Nc5 12. Nd4 Bd7 13. Rc1 a4 14. b4 a3 15. Ba1 Nce4
16. Nxe4 Nxe4 17. f3 1/2-1/2

[Event "25 Aniversario FMA"]
[Site "Madrid ESP"]
[Date "2005.11.04"]
[Round "10.5"]
[White "Perez, Rodney"]
[Black "Minzer, Claudio Javier"]
[Result "1/2-1/2"]
[WhiteElo "2450"]
[BlackElo "2438"]
[PlyCount "29"]
[EventDate "2005.10.29"]
[EventType "tourn"]
[EventRounds "11"]
[EventCountry "ESP"]
[EventCategory "6"]
[Source "lmi"]
[SourceDate "2005.11.05"]

1. e4 e6 2. d4 d5 3. exd5 exd5 4. Bd3 Nc6 5. c3 Bd6 6. Ne2 Nge7 7. O-O Bf5 8.
Bf4 O-O 9. Bxf5 Nxf5 10. Qd3 Nfe7 11. Nd2 Bxf4 12. Nxf4 Qd6 13. g3 Ng6 14. Nxg6
hxg6 15. Nf3 1/2-1/2

[Event "25 Aniversario FMA"]
[Site "Madrid ESP"]
[Date "2005.11.04"]
[Round "10.6"]
[White "Gallardo Garcia, Andres"]
[Black "Almagro Llanas, Pablo"]
[Result "0-1"]
[WhiteElo "2360"]
[BlackElo "2345"]
[PlyCount "82"]
[EventDate "2005.10.29"]
[EventType "tourn"]
[EventRounds "11"]
[EventCountry "ESP"]
[EventCategory "6"]
[Source "lmi"]
[SourceDate "2005.11.05"]

1. e4 c6 2. c4 d5 3. exd5 cxd5 4. cxd5 Nf6 5. Nc3 Nxd5 6. Nf3 Nc6 7. Bb5 e6 8.
d4 Bb4 9. Bd2 Nde7 10. O-O O-O 11. Qb3 a6 12. Bd3 b5 13. Rad1 Bb7 14. Bg5 Bxc3
15. Qxc3 Rc8 16. Qe1 Qd6 17. a3 Ng6 18. Bb1 b4 19. Bc1 bxa3 20. bxa3 Nce7 21.
Ng5 Qd5 22. Be4 Qd7 23. Qe3 Bxe4 24. Nxe4 Rfd8 25. Qe2 Nf5 26. Bg5 Re8 27. Qh5
Qd5 28. Qg4 Rc4 29. h4 h5 30. Qe2 Nxd4 31. Qe3 Nf5 32. Rxd5 Nxe3 33. fxe3 exd5
34. Nd6 Re6 35. Nxc4 dxc4 36. Rc1 Rc6 37. Kf2 f6 38. Bf4 Nxh4 39. e4 Kf7 40.
Rb1 g5 41. Bc1 Ng6 0-1

[Event "25 Aniversario FMA"]
[Site "Madrid ESP"]
[Date "2005.11.05"]
[Round "11.1"]
[White "Almagro Llanas, Pablo"]
[Black "Salgado Lopez, Ivan"]
[Result "1/2-1/2"]
[WhiteElo "2345"]
[BlackElo "2371"]
[PlyCount "100"]
[EventDate "2005.10.29"]
[EventType "tourn"]
[EventRounds "11"]
[EventCountry "ESP"]
[EventCategory "6"]
[Source "lmi"]
[SourceDate "2005.11.05"]

1. e4 c5 2. Nf3 d6 3. d4 cxd4 4. Nxd4 Nf6 5. Nc3 a6 6. Be3 e5 7. Nb3 Be6 8. f3
Be7 9. Qd2 O-O 10. O-O-O Nbd7 11. g4 b5 12. g5 b4 13. Ne2 Ne8 14. f4 a5 15. Kb1
a4 16. Nbc1 exf4 17. Nxf4 Bxg5 18. Nxe6 Bxe3 19. Nxd8 Bxd2 20. Rxd2 Rxd8 21.
Rd4 Nc5 22. Rxb4 Nf6 23. Bg2 Rfe8 24. Re1 Re5 25. Nd3 Rh5 26. Rh1 Ng4 27. Rd4
Nxd3 28. cxd3 Rb8 29. Bf3 Rxh2 30. Rxh2 Nxh2 31. Be2 a3 32. b4 g5 33. Kc2 g4
34. Kd2 g3 35. Ke3 Kh8 36. Bf3 h5 37. Rxd6 Rxb4 38. Rh6+ Kg7 39. Rxh5 Rb2 40.
Be2 Ng4+ 41. Kf3 Rxa2 42. Rg5+ Kf8 43. Rxg4 Rxe2 44. Rxg3 a2 45. Rg1 Rb2 46.
Ra1 Ke7 47. Ke3 Kd6 48. Kd4 Kc6 49. Kc4 Rh2 50. Rf1 Kb6 1/2-1/2

[Event "25 Aniversario FMA"]
[Site "Madrid ESP"]
[Date "2005.11.05"]
[Round "11.3"]
[White "Elissalt Cardenas, Hector"]
[Black "Perez, Rodney"]
[Result "1/2-1/2"]
[WhiteElo "2327"]
[BlackElo "2450"]
[PlyCount "21"]
[EventDate "2005.10.29"]
[EventType "tourn"]
[EventRounds "11"]
[EventCountry "ESP"]
[EventCategory "6"]
[Source "lmi"]
[SourceDate "2005.11.05"]

1. d4 d5 2. Nf3 Bf5 3. c4 e6 4. Nc3 c6 5. e3 Nd7 6. Bd3 Bxd3 7. Qxd3 Ngf6 8.
O-O Bd6 9. b3 O-O 10. Bb2 a6 11. Rfe1 1/2-1/2

[Event "25 Aniversario FMA"]
[Site "Madrid ESP"]
[Date "2005.11.05"]
[Round "11.4"]
[White "Cruz, Alfredo"]
[Black "Mirzoev, Azer"]
[Result "0-1"]
[WhiteElo "2303"]
[BlackElo "2520"]
[PlyCount "58"]
[EventDate "2005.10.29"]
[EventType "tourn"]
[EventRounds "11"]
[EventCountry "ESP"]
[EventCategory "6"]
[Source "lmi"]
[SourceDate "2005.11.05"]

1. d4 Nf6 2. Nf3 e6 3. Bg5 h6 4. Bxf6 Qxf6 5. e4 d6 6. Nbd2 Nd7 7. Be2 g6 8.
O-O Bg7 9. Re1 O-O 10. a4 e5 11. c3 a5 12. h3 Qe7 13. dxe5 dxe5 14. Bf1 b6 15.
Bc4 Bb7 16. Qc2 Nf6 17. Nf1 Rad8 18. Ne3 Rd7 19. Rad1 Rfd8 20. Rxd7 Rxd7 21.
Qb3 Nh7 22. Rd1 Nf8 23. Rxd7 Nxd7 24. Bd5 Nc5 25. Qc4 c6 26. Bxc6 Bxc6 27. b4
Qe6 28. Nd2 Qxc4 29. Ndxc4 axb4 0-1

[Event "25 Aniversario FMA"]
[Site "Madrid ESP"]
[Date "2005.11.05"]
[Round "11.5"]
[White "Roa Alonso, Santiago"]
[Black "Asis Gargatagli, Hipolit"]
[Result "1/2-1/2"]
[WhiteElo "2364"]
[BlackElo "2381"]
[PlyCount "45"]
[EventDate "2005.10.29"]
[EventType "tourn"]
[EventRounds "11"]
[EventCountry "ESP"]
[EventCategory "6"]
[Source "lmi"]
[SourceDate "2005.11.05"]

1. e4 c5 2. Nf3 d6 3. c3 Nf6 4. h3 g6 5. Bd3 Bg7 6. O-O O-O 7. Bc2 e5 8. Re1
Nc6 9. d4 cxd4 10. cxd4 exd4 11. Nxd4 d5 12. Nxc6 bxc6 13. Nc3 Be6 14. Be3 Nxe4
15. Nxe4 dxe4 16. Bxe4 Bxb2 17. Bxc6 Rc8 18. Qxd8 Rfxd8 19. Rab1 Bc3 20. Bb7
Bxa2 21. Bxc8 Bxb1 22. Rxb1 Rxc8 23. Bxa7 1/2-1/2

[Event "25 Aniversario FMA"]
[Site "Madrid ESP"]
[Date "2005.11.05"]
[Round "11.6"]
[White "Martinez Martin, David"]
[Black "Serrano Salvador, Eduardo"]
[Result "1/2-1/2"]
[WhiteElo "2379"]
[BlackElo "2348"]
[PlyCount "29"]
[EventDate "2005.10.29"]
[EventType "tourn"]
[EventRounds "11"]
[EventCountry "ESP"]
[EventCategory "6"]
[Source "lmi"]
[SourceDate "2005.11.05"]

1. d4 d5 2. c4 c6 3. Nc3 Nf6 4. Bg5 Ne4 5. Nxe4 dxe4 6. Qd2 Bf5 7. e3 h6 8. Bh4
g5 9. Bg3 Bg7 10. Ne2 Nd7 11. Nc3 c5 12. Be2 O-O 13. O-O Bg6 14. Rad1 cxd4 15.
exd4 1/2-1/2